Menthol from Japan and the People's Republic of China : Determinations of the Commission in investigation Nos.731-TA-27 and 28 (Primilinary) under the Tariff Act of 1930, together with the information obtained in the investigation

Na minha lista:
Detalhes bibliográficos
Autor Corporativo: United States International Trade Commission
Formato: Livro
Idioma:Undetermined
Publicado em: Washington, D.C. United States International Trade Commission 1980
Assuntos:
Tags: Adicionar Tag
Sem tags, seja o primeiro a adicionar uma tag!
Thư viện lưu trữ: Trung tâm Học liệu Trường Đại học Cần Thơ
LEADER 00800nam a2200193Ia 4500
001 CTU_107335
008 210402s9999 xx 000 0 und d
082 |a 338.47 
082 |b U58/No.1087 
110 |a United States International Trade Commission 
245 0 |a Menthol from Japan and the People's Republic of China : 
245 0 |b Determinations of the Commission in investigation Nos.731-TA-27 and 28 (Primilinary) under the Tariff Act of 1930, together with the information obtained in the investigation 
260 |a Washington, D.C. 
260 |b United States International Trade Commission 
260 |c 1980 
650 |a Menthol industry and trade,Competition, international 
650 |z Japan 
904 |i Minh(Tuyến) 
980 |a Trung tâm Học liệu Trường Đại học Cần Thơ